| 000 | 00985nam a2200217 a 4500 | ||
|---|---|---|---|
| 001 | 000021483 | ||
| 005 | 20200930011337.0 | ||
| 008 | 100908d1987 dr a r 000 0 spa d | ||
| 040 |
_aDO-SdBNP _bspa _bBNPHU |
||
| 082 |
_a352.48 _bR426p, 1987 |
||
| 110 | 1 |
_aRepública Dominicana. _bSecretariado Técnico de la Presidencia. _bOficina Nacional de Presupuesto. _932266 |
|
| 245 | 1 | 0 | _aPresupuestos de ingresos y gastos de las instituciones descentralizadas y autónomas 1987. |
| 260 |
_aSanto Domingo : _bSecretariado Técnico de la Presidencia, _c1987. |
||
| 300 |
_av. : _bil. ; _c28 cm. |
||
| 500 | _aPublicaciones complementaria al presupuesto de ingresos y ley de gastos público del año 1987 | ||
| 590 | _aInventariado, 2018/BT | ||
| 650 | 4 |
_aPresupuesto _zRepública Dominicana _97940 |
|
| 651 | 4 |
_aRepública Dominicana _xGastos Presupuestados Públicos _y1987 _944801 |
|
| 650 | 4 |
_aHacienda pública _zRepública Dominicana _96562 |
|
| 910 | _aValidado. Control de calidad. MMOLINA | ||
| 999 |
_c20983 _d20983 |
||